Music Quiz

Random Music or Missing Word Quiz

Click That Tune: First Name Basis Quiz Stats

 Plays Quiz not verified by Sporcle

Support Sporcle.
Go Orange.
Score 0/40 Timer 07:00
0 Plays Today
% Correct
Billie
94.5%
Clint
91.5%
Johnny
91.2%
Eleanor
88.4%
Tom
88.3%
Bennie
87.1%
Sharona
85.6%
Eileen
85.1%
Sue
82.2%
Barbara
81%
Bobby
80.7%
Bette
80.3%
Peggy
79.8%
Diane
79%
Sally
77.6%
Baba
77.4%
Rosa
77.2%
Delilah
75.6%
Betty
75.5%
Stacy
74.8%
% Correct
Sally
73.3%
Janie
70.6%
Mary
70.3%
Jack
67.2%
Maggie
66.9%
Dougie
60%
Rikki
59.8%
Joe
59.4%
Irene
49.6%
Judy
47.1%
Jamie
42.3%
Jonas
39.6%
Michelle
38.1%
Maggie
37.7%
Jane
26.9%
Virginia
25.4%
Elizabeth
21%
Ana
19.1%
Jessie
16.3%
Molly
13.6%

You're not logged in!

Compare scores with friends on all Sporcle quizzes.
OR
Log In

From the Vault

R&B Music Artists II

by beforever

These artists have a whole lot of soul.
Remove Ads.
Support Sporcle.
Get the best of Sporcle when you Go Orange. This ad-free experience offers more features, more stats, and more fun while also helping to support Sporcle. Thank you for becoming a member.

Show Comments

Extras

Top Quizzes Today


Score Distribution

Your Account Isn't Verified!

In order to create a playlist on Sporcle, you need to verify the email address you used during registration. Go to your Sporcle Settings to finish the process.

Report this User

Report this user for behavior that violates our Community Guidelines.

Details: